Business Research Projects (Record no. 33388)

MARC details
000 -LEADER
fixed length control field 00466nam a22001937a 4500
005 - DATE AND TIME OF LATEST TRANSACTION
control field 20230901193620.0
008 - FIXED-LENGTH DATA ELEMENTS--GENERAL INFORMATION
fixed length control field 230901b |||||||| |||| 00| 0 eng d
020 ## - INTERNATIONAL STANDARD BOOK NUMBER
ISBN 9781844800827
082 ## - DEWEY DECIMAL CLASSIFICATION NUMBER
Classification number 650.072
Item number JAN-B
100 ## - MAIN ENTRY--AUTHOR
Author Name Jankowicz,A.D
245 ## - TITLE STATEMENT
Title Business Research Projects
250 ## - EDITION STATEMENT
Edition statement 4th.ed.
260 ## - PUBLICATION, DISTRIBUTION, ETC.
Place of Publication Italy
Name of publisher, distributor, etc. Chapman&Hall
Date of publication, distribution, etc. 2005
300 ## - PHYSICAL DESCRIPTION
Pages 398
500 ## - GENERAL NOTE
General note Include Index
650 ## - SUBJECT ADDED ENTRY--TOPICAL TERM
Subject / Department Management
700 ## - ADDED ENTRY--PERSONAL NAME
Personal name A. D . Jankowicz
952 ## - LOCATION AND ITEM INFORMATION (KOHA)
-- 0
-- 0
Holdings
Lost status Damaged status Collection code Permanent Location Current Location Shelving Location Date acquired Full Call Number Accession No./Barcode Date last seen item type
      Superior Information Resource Center (SIRC) Superior University- Main Campus Superior Information Resource Center (SIRC) Superior University- Main Campus Management 09/01/2023 650.072 JAN-B 2005 20308 09/01/2023 BOOK

Powered by Koha